000 00337 a2200109 4500
001 ART_60117
005 20260410162052.0
008 260409a
245 1 0 _aRegularización de deudas fiscales y activos. Aspectos controvertidos
100 1 _aVega, Gerardo E.
773 0 _tImpuestos
_g- N° 164 (ene. 2024)
_wREV45175
999 _c35917
_d35917